| 000 | 00938cam a2200217 4500 | ||
|---|---|---|---|
| 001 | WB3615-07 | ||
| 008 | 000000n2000 000 0 eng u | ||
| 035 | _a(Sirsi) u105295 | ||
| 245 | _aSouth's gap grows | ||
| 260 | _c2000 | ||
| 490 |
_aFinancial Times _v 10 April 2000, 2(1) |
||
| 520 | _aReport exposes the gap in competitiveness between the regions, as companies will probably be concentrated in the south of England in the future. Robert Huggins, of Cardiff University's Centre for Advanced Studies has devised two indices. The first index measures regional competitiveness including an overall ranking. The second is an index of regional, knowledge-based businesses, and calculates them as a proportion of all businesses. | ||
| 590 | _aWB | ||
| 650 | _aNORTH SOUTH DIVIDE | ||
| 650 | _aCOMPANIES | ||
| 650 | _aCOMPETITION | ||
| 650 | _aECONOMIC GROWTH | ||
| 650 | _aINDICES | ||
| 690 | _aECONOMIC ISSUES | ||
| 942 | _n0 | ||
| 999 |
_c63132 _d63132 |
||